01002nas a2200253 i 4500003000900000005001700009007000300026008004100029040003000070041000800100245002100108264007900129300007300208310001600281336002700297337003300324338002800357362002700385500005600412650008000468942001500548952016800563999001700731DO-SdBNP20260515150439.0ta260515e1937 dr mn|p|r||||||0| | spa d aDO-SdBNPbBNPHUcspaerda aspa10aRevista musical. 1aCiudad Trujillo, República Dominicana :b[editor no identificado]c1937. avolumen : bilustraciones, notas musicales, retratos , c29 x 22 cm. aTrimestral. atextobtxt2rdacontent asin mediaciónbn2rdamedia avolumenbnc2rdacarrier aVolumen 1. marzo 1937. aCatalogación basada en el: Volumen 1. marzo 1937. 0aNotas musicalesvPublicaciones periódicas 989610zRepública Dominicana 2ddccISSUE 00102ddc4055708SEaBNPHUbBNPHUd2026-05-15hVolumen 1. marzo 1937l0p2026-4159r2026-05-15te.1w2026-05-15yISSUEzDisponible para consulta en: Hemeroteca. c60758d60758